<?xml version="1.0" encoding="UTF-8"?>
<record
    xmlns:xsi="http://www.w3.org/2001/XMLSchema-instance"
    xsi:schemaLocation="http://www.loc.gov/MARC21/slim http://www.loc.gov/standards/marcxml/schema/MARC21slim.xsd"
    xmlns="http://www.loc.gov/MARC21/slim">

  <leader>01571    a2200169   4500</leader>
  <controlfield tag="003">NUST</controlfield>
  <controlfield tag="005">20230126121123.0</controlfield>
  <datafield tag="040" ind1=" " ind2=" ">
    <subfield code="c">Nust</subfield>
  </datafield>
  <datafield tag="082" ind1=" " ind2=" ">
    <subfield code="a">909,TOY</subfield>
  </datafield>
  <datafield tag="100" ind1=" " ind2=" ">
    <subfield code="a">Toynbee, Arnold J</subfield>
    <subfield code="9">6611</subfield>
  </datafield>
  <datafield tag="245" ind1=" " ind2=" ">
    <subfield code="a">Between Oxus and Jumna /</subfield>
    <subfield code="c">Arnold j Toynbee</subfield>
  </datafield>
  <datafield tag="260" ind1=" " ind2=" ">
    <subfield code="a">London</subfield>
    <subfield code="b">Oxford press</subfield>
    <subfield code="c">1961</subfield>
  </datafield>
  <datafield tag="300" ind1=" " ind2=" ">
    <subfield code="a">210:p.;</subfield>
  </datafield>
  <datafield tag="505" ind1=" " ind2=" ">
    <subfield code="a">The Old World&#x2019;s Eastern Roundabout (Page-1), To New Delhi by Jet (Page-11), Multan (Page-14), The Seven Climes (Page-16), Hazara (Page-19), The Indus in Fetters (Page-21), A Tell like Jericho v24), To the Indus in Alexander&#x2019;s Tracks (Page-27), Two forts a Day (Page-31), Forts and Huts (Page-33), The Man who Dared (Page-35), World&#x2019;s End (Page-37), Mewar (Page-40), Catching the Bus (Page-43), Through the Looking Glass (Page-46), The Paropanisadae (Page-51), The Arachosian Corridor (Page-53), A Human Wateshed (Page-56), Qandahar (Page-59), Maiwand (Page-64), Lashkari Bazar (Page-66), Heart (Page-73), Crossing the Doabi (Page-80), The Dasht-i-leili (Page-90), Balkh (Page-92), Sighting the Oxus (Page-97), Surkh Kotal (Page-105), Bamian (Page-111), Re-Crossing the Hindu Kush (Page-116), Feet Versus Wheels (Page-119), The Minar-i-Chakri (Page-121), Watersmeet (Page-125), Coming Down (Page-129), Happy the Country (Page-131),The Jeep road to the Roof of the World (Page-134), Ten Miles short of Chitral (Page-136), Dir and Swat (Page-144), Razmak and After (Page-151), Where four Roads Meet (Page-165), Baluchistan (Page-172), The Roundabout in Retrospect (Page-180).</subfield>
  </datafield>
  <datafield tag="650" ind1=" " ind2=" ">
    <subfield code="a">Oxus</subfield>
    <subfield code="9">107749</subfield>
  </datafield>
  <datafield tag="942" ind1=" " ind2=" ">
    <subfield code="2">ddc</subfield>
    <subfield code="c">BK</subfield>
    <subfield code="k">909,TOY</subfield>
  </datafield>
  <datafield tag="999" ind1=" " ind2=" ">
    <subfield code="c">186167</subfield>
    <subfield code="d">186167</subfield>
  </datafield>
  <datafield tag="952" ind1=" " ind2=" ">
    <subfield code="0">0</subfield>
    <subfield code="1">0</subfield>
    <subfield code="2">ddc</subfield>
    <subfield code="4">0</subfield>
    <subfield code="7">0</subfield>
    <subfield code="a">MCS</subfield>
    <subfield code="b">MCS</subfield>
    <subfield code="c">GEN</subfield>
    <subfield code="d">2016-12-12</subfield>
    <subfield code="o">909 ,TOY</subfield>
    <subfield code="p">MCS21536</subfield>
    <subfield code="r">2016-12-08</subfield>
    <subfield code="w">2016-12-12</subfield>
    <subfield code="y">BK</subfield>
    <subfield code="z">Almirah No.58, Shelf No.4</subfield>
  </datafield>
</record>
